Contractor's basis (Record no. 84278)
[ view plain ]
| 000 -LEADER | |
|---|---|
| fixed length control field | 01203cab a22002535a 4500 |
| 001 - CONTROL NUMBER | |
| control field | L157172 |
| 008 - FIXED-LENGTH DATA ELEMENTS--GENERAL INFORMATION | |
| fixed length control field | 120913s2012 xxk 000 0 eng d |
| 035 ## - SYSTEM CONTROL NUMBER | |
| System control number | (Sirsi) u157172 |
| 041 0# - LANGUAGE CODE | |
| Language code of text/sound track or separate title | eng |
| 100 1# - MAIN ENTRY--PERSONAL NAME | |
| Personal name | Lewsley, Christopher |
| 245 00 - TITLE STATEMENT | |
| Title | Contractor's basis |
| Remainder of title | a new respectability |
| 260 ## - PUBLICATION, DISTRIBUTION, ETC. | |
| Date of publication, distribution, etc. | 2012 |
| 490 #0 - SERIES STATEMENT | |
| Series statement | Rating and Valuation Reporter |
| Volume/sequential designation | 52(9) [2012], 230-232 (3) |
| 520 ## - SUMMARY, ETC. | |
| Summary, etc. | The contractor's basis valuation method has achieved a new respectability as a means of valuing categories of properties which are rarely let and where profit is not the motive for the occupation. The improved respectability is due to detailed exploration of the method in Lands Tribunal and Upper Tribunal (Lands Chamber) decisions, guidance notes from professional institutions, and government consultations. Outlines the relevant case law. |
| 590 ## - LOCAL NOTE (RLIN) | |
| Local note | KA |
| 650 24 - SUBJECT ADDED ENTRY--TOPICAL TERM | |
| Topical term or geographic name entry element | MONSANTO PLC V FARRIS |
| 650 24 - SUBJECT ADDED ENTRY--TOPICAL TERM | |
| Topical term or geographic name entry element | EASTBOURNE BC AND ANOTHER V ALLEN (VO) |
| 650 24 - SUBJECT ADDED ENTRY--TOPICAL TERM | |
| Topical term or geographic name entry element | DAWKINS (VO) V LEAMINGTON SPA CORPORATION AND ANOTHER |
| 650 24 - SUBJECT ADDED ENTRY--TOPICAL TERM | |
| Topical term or geographic name entry element | ALLEN (VO) V ENGLISH SPORTS COUNCIL AND ANOTHER |
| 651 #4 - SUBJECT ADDED ENTRY--GEOGRAPHIC NAME | |
| Geographic name | England and Wales |
| Chronological subdivision | 1543- |
| 690 ## - LOCAL SUBJECT ADDED ENTRY--TOPICAL TERM (OCLC, RLIN) | |
| Topical term or geographic name as entry element | Valuation |
| 9 (RLIN) | 6273 |
| 690 ## - LOCAL SUBJECT ADDED ENTRY--TOPICAL TERM (OCLC, RLIN) | |
| Topical term or geographic name as entry element | Finance and taxation |
| 942 ## - ADDED ENTRY ELEMENTS (KOHA) | |
| Suppress in OPAC | 0 |
| Withdrawn status | Lost status | Source of classification or shelving scheme | Damaged status | Not for loan | Home library | Current library | Shelving location | Date acquired | Total Checkouts | Full call number | Barcode | Date last seen | Copy number | Price effective from | Koha item type |
|---|---|---|---|---|---|---|---|---|---|---|---|---|---|---|---|
| Dewey Decimal Classification | London | London | Journal article | 13/09/2012 | L157172 | 157172-1001 | 06/08/2019 | 1 | 06/08/2019 | Journal article |